[Event "Madrid-ch 2018-2019 - Previa A"]
[Site "Madrid ESP"]
[Date "2019.02.08"]
[Round "4.35"]
[White "Sierra Garcia, Ricardo"]
[Black "Suarez Mencia, Roberto"]
[Result "0-1"]
[WhiteElo "1371"]
[BlackElo "1388"]
[PlyCount "78"]
[EventDate "2019.02.04"]
[EventType "swiss"]
[EventRounds "9"]
[EventCountry "ESP"]
[SourceTitle "Ajedrez en Madrid"]
[Source "lmi"]
[SourceDate "2019.02.04"]
[SourceVersion "1"]
[SourceVersionDate "2019.02.22"]
[SourceQuality "1"]

1. e4 c5 2. Nf3 d6 3. d4 cxd4 4. Nxd4 e5 5. Nb3 a6 6. Nc3 Nf6 7. Bd3 Nc6 8. Be3
Be7 9. f3 O-O 10. Qd2 Be6 11. O-O-O Bxb3 12. cxb3 Rc8 13. Kb1 Nd7 14. Nd5 b5
15. Rc1 Nc5 16. Be2 Kh8 17. Rc2 f5 18. Bxc5 dxc5 19. Nxe7 Qxe7 20. Qd5 Nd4 21.
exf5 Rfd8 22. Qe4 Nxc2 23. Qxc2 Qg5 24. Bd3 Qe3 25. Rd1 Qf4 26. Be4 Qxh2 27.
Rd2 Rxd2 28. Qxd2 Qh4 29. Bb7 Rd8 30. Qe2 Qf4 31. Be4 Rd2 32. g3 Rxe2 33. gxf4
exf4 34. Kc1 h5 35. Bd3 Rf2 36. Be4 h4 37. a4 bxa4 38. bxa4 a5 39. b3 h3 0-1

[Event "Madrid-ch 2018-2019 - Previa A"]
[Site "Madrid ESP"]
[Date "2019.02.08"]
[Round "4.36"]
[White "Marcos Herrero, Francisco"]
[Black "Olmos Rodriguez, Arcadio"]
[Result "1-0"]
[WhiteElo "1837"]
[BlackElo "1378"]
[PlyCount "69"]
[EventDate "2019.02.04"]
[EventType "swiss"]
[EventRounds "9"]
[EventCountry "ESP"]
[SourceTitle "Ajedrez en Madrid"]
[Source "lmi"]
[SourceDate "2019.02.04"]
[SourceVersion "1"]
[SourceVersionDate "2019.02.22"]
[SourceQuality "1"]

1. c4 Nf6 2. Nc3 c5 3. g3 d5 4. cxd5 Nxd5 5. Bg2 Nc7 6. Nf3 Nc6 7. O-O e6 8. d3
Be7 9. Be3 O-O 10. Rc1 Rb8 11. d4 cxd4 12. Nxd4 Ne5 13. Qb3 Bd7 14. Rfd1 Bc5
15. Ne4 Bxd4 16. Rxd4 Nd5 17. Nc5 Bc6 18. Bd2 Qf6 19. e4 Ng4 20. Be3 Ndxe3 21.
fxe3 Qf2+ 22. Kh1 Nxe3 23. Bh3 Rfd8 24. Nd3 Bxe4+ 25. Rxe4 Qf3+ 26. Kg1 Qxe4
27. Nf2 Qd5 28. Qxe3 Qxa2 29. Qe5 Rbc8 30. Rf1 Rc2 31. Ng4 Qxb2 32. Qg5 Rcd2
33. Nh6+ Kf8 34. Rxf7+ Ke8 35. Qe7# 1-0

[Event "Madrid-ch 2018-2019 - Previa A"]
[Site "Madrid ESP"]
[Date "2019.02.08"]
[Round "4.37"]
[White "Cumita Waschke, Fran"]
[Black "Fernandez Sanchez, Jose M"]
[Result "1-0"]
[WhiteElo "1529"]
[BlackElo "1151"]
[PlyCount "89"]
[EventDate "2019.02.04"]
[EventType "swiss"]
[EventRounds "9"]
[EventCountry "ESP"]
[SourceTitle "Ajedrez en Madrid"]
[Source "lmi"]
[SourceDate "2019.02.04"]
[SourceVersion "1"]
[SourceVersionDate "2019.02.22"]
[SourceQuality "1"]

1. d4 Nf6 2. Nf3 d5 3. Bg5 e6 4. Nbd2 Be7 5. Bf4 c5 6. c3 cxd4 7. Nxd4 Nc6 8.
N2f3 O-O 9. e3 a6 10. Bd3 Bd6 11. Bg5 e5 12. Nxc6 bxc6 13. Bc2 Qe8 14. Bxf6
gxf6 15. Nh4 e4 16. Qd4 Qd8 17. f4 f5 18. g3 Re8 19. O-O-O Rb8 20. Bb3 Be6 21.
Ng2 Bf8 22. Rdg1 Bg7 23. Qd1 Qc7 24. Nh4 Red8 25. g4 fxg4 26. f5 Qe7 27. Qxg4
Qf6 28. fxe6 fxe6 29. Rg3 Kf7 30. Qh5+ Ke7 31. Qxh7 Rg8 32. Ng6+ Kd6 33. Qh3
Qf2 34. Rf1 Qxf1+ 35. Qxf1 Be5 36. Nxe5 Rbf8 37. Nf7+ Ke7 38. Rxg8 Rxg8 39. Ne5
Kd6 40. Qf4 Rg1+ 41. Bd1 Kc5 42. b4+ Kb5 43. a4+ Kb6 44. Nd7+ Ka7 45. Qb8# 1-0

[Event "Madrid-ch 2018-2019 - Previa A"]
[Site "Madrid ESP"]
[Date "2019.02.11"]
[Round "5.1"]
[White "Cabañas Bravo, Juan Andres"]
[Black "Lopez Heras, Arturo"]
[Result "1-0"]
[WhiteElo "1916"]
[BlackElo "1868"]
[PlyCount "43"]
[EventDate "2019.02.04"]
[EventType "swiss"]
[EventRounds "9"]
[EventCountry "ESP"]
[SourceTitle "Ajedrez en Madrid"]
[Source "lmi"]
[SourceDate "2019.02.04"]
[SourceVersion "1"]
[SourceVersionDate "2019.02.22"]
[SourceQuality "1"]

1. e4 c5 2. Nf3 d6 3. c3 Nc6 4. d4 Bg4 5. Be2 Nf6 6. O-O g6 7. d5 Bxf3 8. gxf3
Nb8 9. f4 Bg7 10. e5 Nfd7 11. e6 Nb6 12. exf7+ Kxf7 13. Bg4 Bf6 14. Be6+ Kg7
15. f5 Na6 16. Qd2 g5 17. f4 h6 18. Qg2 Nc7 19. fxg5 Nxe6 20. gxf6+ Kf8 21.
fxe6 exf6 22. Qg6 1-0

[Event "Madrid-ch 2018-2019 - Previa A"]
[Site "Madrid ESP"]
[Date "2019.02.11"]
[Round "5.2"]
[White "Chidichimo, Pedro Jose Maria"]
[Black "Jimenez Gonzalez, Marcos"]
[Result "1/2-1/2"]
[WhiteElo "1769"]
[BlackElo "1757"]
[PlyCount "28"]
[EventDate "2019.02.04"]
[EventType "swiss"]
[EventRounds "9"]
[EventCountry "ESP"]
[SourceTitle "Ajedrez en Madrid"]
[Source "lmi"]
[SourceDate "2019.02.04"]
[SourceVersion "1"]
[SourceVersionDate "2019.02.22"]
[SourceQuality "1"]

1. e4 c6 2. Nc3 d5 3. Nf3 Bg4 4. h3 Bxf3 5. Qxf3 e6 6. exd5 cxd5 7. d4 Nf6 8.
Bb5+ Nc6 9. O-O Be7 10. Re1 O-O 11. Bxc6 bxc6 12. Qe3 c5 13. Ne2 cxd4 14. Nxd4
Qc7 1/2-1/2

[Event "Madrid-ch 2018-2019 - Previa A"]
[Site "Madrid ESP"]
[Date "2019.02.11"]
[Round "5.4"]
[White "Garcia Diez, Mariano"]
[Black "Vazquez Gonzalez, Francisco"]
[Result "0-1"]
[WhiteElo "1863"]
[BlackElo "1931"]
[PlyCount "42"]
[EventDate "2019.02.04"]
[EventType "swiss"]
[EventRounds "9"]
[EventCountry "ESP"]
[SourceTitle "Ajedrez en Madrid"]
[Source "lmi"]
[SourceDate "2019.02.04"]
[SourceVersion "1"]
[SourceVersionDate "2019.02.22"]
[SourceQuality "1"]

1. Nf3 f5 2. d3 d6 3. e4 Nf6 4. exf5 Bxf5 5. g3 e5 6. Bg2 Nc6 7. Nc3 Be7 8. h3
O-O 9. Qe2 Qd7 10. g4 Be6 11. Ng5 Nd4 12. Qd1 Nxg4 13. Nxe6 Nxf2 14. Nxf8 Rxf8
15. Qh5 Rf5 16. Qxf5 Qxf5 17. O-O Nxh3+ 18. Kh2 Nf4 19. Nd5 Qh5+ 20. Kg1 Nfe2+
21. Kf2 Bh4+ 0-1

[Event "Madrid-ch 2018-2019 - Previa A"]
[Site "Madrid ESP"]
[Date "2019.02.11"]
[Round "5.5"]
[White "Esteban Amo, Jose M"]
[Black "Rodriguez Garcia, Alberto"]
[Result "0-1"]
[WhiteElo "1918"]
[BlackElo "1792"]
[PlyCount "166"]
[EventDate "2019.02.04"]
[EventType "swiss"]
[EventRounds "9"]
[EventCountry "ESP"]
[SourceTitle "Ajedrez en Madrid"]
[Source "lmi"]
[SourceDate "2019.02.04"]
[SourceVersion "1"]
[SourceVersionDate "2019.02.22"]
[SourceQuality "1"]

1. d4 Nf6 2. Bf4 e6 3. e3 c5 4. c3 Nc6 5. Nd2 d5 6. Ngf3 Be7 7. h3 Bd6 8. Bxd6
Qxd6 9. Bd3 O-O 10. O-O e5 11. dxe5 Nxe5 12. Nxe5 Qxe5 13. Qf3 Bd7 14. Rfe1 Bc6
15. Qf5 Rfe8 16. Rad1 Qxf5 17. Bxf5 Re5 18. Bc2 Rae8 19. Kf1 Bb5+ 20. Kg1 b6
21. Bb3 Bc6 22. Kf1 R5e7 23. Kg1 Kf8 24. Nf1 g6 25. Ng3 Rd7 26. Re2 Red8 27.
Red2 Ne4 28. Nxe4 dxe4 29. Rxd7 Rxd7 30. Rxd7 Bxd7 31. Bd5 f5 32. h4 Ke7 33. a3
Be6 34. Bb7 Kd6 35. Kh2 c4 36. Kg3 Ke5 37. f3 h6 38. Bc6 g5 39. fxe4 fxe4 40.
Be8 Kd5 41. Bh5 Ke5 42. Bg4 Bf7 43. Bd7 Bh5 44. Bc6 Bd1 45. Be8 Kd6 46. hxg5
hxg5 47. Bg6 Kd5 48. Bf5 Ke5 49. Bg4 Ba4 50. Be2 Bb3 51. Kg4 Kf6 52. Kh5 a6 53.
Bg4 Ba4 54. Kh6 Bc6 55. Bc8 a5 56. g3 Bd5 57. Bd7 Ke7 58. Bc8 Kf6 59. Ba6 Be6
60. Bb7 Kf5 61. Bc6 Bc8 62. Bd5 Ba6 63. Kh5 Bb5 64. Bf7 Kf6 65. Bd5 Ke5 66. Bg8
Kf6 67. Kh6 Kf5 68. Bh7+ Kg4 69. Bxe4 Kxg3 70. Kxg5 Kf2 71. Kf4 Ke2 72. Bg6 Kd2
73. Ke4 Kc1 74. b4 cxb3 75. Kd4 b2 76. c4 Bd7 77. Bd3 b1=Q 78. Bxb1 Kxb1 79. c5
bxc5+ 80. Kxc5 Kb2 81. a4 Kb3 82. e4 Bxa4 83. e5 Be8 0-1

[Event "Madrid-ch 2018-2019 - Previa A"]
[Site "Madrid ESP"]
[Date "2019.02.11"]
[Round "5.6"]
[White "Gueler Berdasco, Martin"]
[Black "Garcia Galeote, Lorenzo"]
[Result "1-0"]
[WhiteElo "1904"]
[BlackElo "1855"]
[PlyCount "169"]
[EventDate "2019.02.04"]
[EventType "swiss"]
[EventRounds "9"]
[EventCountry "ESP"]
[SourceTitle "Ajedrez en Madrid"]
[Source "lmi"]
[SourceDate "2019.02.04"]
[SourceVersion "1"]
[SourceVersionDate "2019.02.22"]
[SourceQuality "1"]

1. c4 g6 2. g3 Bg7 3. Bg2 d6 4. d4 Nc6 5. Nf3 e5 6. dxe5 dxe5 7. Qxd8+ Nxd8 8.
Nc3 Ne7 9. Nb5 Ne6 10. Ng5 O-O 11. Nxe6 fxe6 12. Nxc7 Rb8 13. Nb5 Nc6 14. O-O
a6 15. Nd6 Nd4 16. e3 Nf3+ 17. Bxf3 Rxf3 18. Kg2 Rf8 19. Nxc8 Rbxc8 20. b3 e4
21. Rb1 Rfd8 22. Bb2 Rd2 23. Bxg7 Kxg7 24. Rfd1 Rxa2 25. Rd7+ Kh6 26. Rxb7 Rf8
27. Rf1 g5 28. Rb6 Rf6 29. c5 a5 30. c6 Rc2 31. Ra6 Rc3 32. Rxa5 Rxc6 33. Ra2
Rf5 34. Rb2 Rb5 35. b4 Rc4 36. Rfb1 Kg6 37. Rb3 g4 38. Rd1 Rc2 39. Rbb1 Rf5 40.
Rf1 Rb5 41. Rbc1 Rxc1 42. Rxc1 Rxb4 43. Rc6 Kf6 44. Rc7 h6 45. h3 gxh3+ 46.
Kxh3 Rb2 47. Kg2 Rb5 48. Rc8 e5 49. g4 Rb4 50. Kg3 Ra4 51. Rb8 Kg6 52. Rb5 Kf6
53. Kh4 Ra2 54. Rb6+ Kf7 55. Kg3 Kg7 56. Rb4 Kf6 57. Rxe4 Ra5 58. Rb4 Ra6 59.
Rb8 Kg6 60. Rf8 Re6 61. Kf3 h5 62. gxh5+ Kxh5 63. Rf5+ Kg6 64. Ke4 Ra6 65. Rxe5
Ra4+ 66. Kd5 Kf6 67. f4 Ra6 68. Ke4 Ra4+ 69. Kf3 Ra3 70. Rb5 Rc3 71. Rb4 Ra3
72. Rb6+ Kf5 73. Rb5+ Kf6 74. Rc5 Rb3 75. f5 Rb1 76. Kf4 Rb4+ 77. e4 Ra4 78.
Rb5 Rc4 79. Rb6+ Ke7 80. f6+ Kf7 81. Kf5 Rc1 82. Rb7+ Kf8 83. Rd7 Ke8 84. Ke6
Re1 85. f7+ 1-0

[Event "Madrid-ch 2018-2019 - Previa A"]
[Site "Madrid ESP"]
[Date "2019.02.11"]
[Round "5.7"]
[White "Vazquez Gonzalez, Jesus"]
[Black "Lopez Orellana, Federico"]
[Result "1-0"]
[WhiteElo "1916"]
[BlackElo "1732"]
[PlyCount "81"]
[EventDate "2019.02.04"]
[EventType "swiss"]
[EventRounds "9"]
[EventCountry "ESP"]
[SourceTitle "Ajedrez en Madrid"]
[Source "lmi"]
[SourceDate "2019.02.04"]
[SourceVersion "1"]
[SourceVersionDate "2019.02.22"]
[SourceQuality "1"]

1. c4 e6 2. g3 d5 3. d4 c6 4. Nf3 f5 5. Bg2 Nf6 6. Nc3 Be7 7. O-O O-O 8. Ne5
Nbd7 9. f4 Ne4 10. cxd5 exd5 11. Qb3 Qb6 12. Qxb6 axb6 13. Nxe4 fxe4 14. Bd2
Nxe5 15. fxe5 Bg4 16. Rxf8+ Kxf8 17. Bf1 Ra4 18. h3 Be6 19. e3 Bd7 20. Kf2 c5
21. b3 Ra7 22. Bc3 Ke8 23. a4 g6 24. Rd1 Bc6 25. Be2 Bf8 26. h4 Ra8 27. g4 Rd8
28. g5 Bg7 29. Kg3 Ke7 30. a5 bxa5 31. Bxa5 Ra8 32. Bb6 cxd4 33. exd4 h5 34.
Rf1 Ra2 35. Bc5+ Ke8 36. Bd1 Bb5 37. Rf2 Ra1 38. Bc2 Ra2 39. Bxe4 Be2 40. Bxg6+
Kd8 41. Bxh5 1-0

[Event "Madrid-ch 2018-2019 - Previa A"]
[Site "Madrid ESP"]
[Date "2019.02.11"]
[Round "5.8"]
[White "Barahona Torrijos, Angel"]
[Black "Andrade Sandoval, Bianca"]
[Result "1-0"]
[WhiteElo "1714"]
[BlackElo "1981"]
[PlyCount "93"]
[EventDate "2019.02.04"]
[EventType "swiss"]
[EventRounds "9"]
[EventCountry "ESP"]
[SourceTitle "Ajedrez en Madrid"]
[Source "lmi"]
[SourceDate "2019.02.04"]
[SourceVersion "1"]
[SourceVersionDate "2019.02.22"]
[SourceQuality "1"]

1. e4 c5 2. Nf3 e6 3. d4 cxd4 4. Nxd4 a6 5. c4 Qc7 6. Nc3 Nf6 7. Bg5 Nxe4 8.
Be3 Bb4 9. Qc2 f5 10. Bd3 Nf6 11. O-O Ng4 12. g3 Nxe3 13. fxe3 Nc6 14. Bxf5 Qe5
15. Nxc6 Qxe3+ 16. Kh1 bxc6 17. Rae1 Qh6 18. Be4 Be7 19. Bg2 Bb7 20. Ne4 O-O-O
21. c5 d5 22. cxd6 Bxd6 23. Rd1 e5 24. Rf7 Qg6 25. Qb3 Be7 26. Rdf1 Qh6 27. Nc5
Ba8 28. Ne6 Bd6 29. Nxd8 Rxd8 30. Be4 g6 31. Qc4 Qe3 32. Qxa6+ Kb8 33. Qa4 Rc8
34. Qc4 Bc5 35. Qb3+ Qxb3 36. axb3 Bd4 37. Rxh7 Bxb2 38. Rff7 Rd8 39. Kg2 g5
40. Kf3 Bd4 41. Rf6 Bb2 42. Kg4 Bc1 43. Kf5 Bb7 44. Bxc6 Bc8+ 45. Ke4 Ba6 46.
Bd5 Be2 47. Rb6+ 1-0

[Event "Madrid-ch 2018-2019 - Previa A"]
[Site "Madrid ESP"]
[Date "2019.02.11"]
[Round "5.9"]
[White "Lopez de Turiso, Jose Angel"]
[Black "De Luna Butz, Alberto"]
[Result "0-1"]
[WhiteElo "1970"]
[BlackElo "1813"]
[PlyCount "110"]
[EventDate "2019.02.04"]
[EventType "swiss"]
[EventRounds "9"]
[EventCountry "ESP"]
[SourceTitle "Ajedrez en Madrid"]
[Source "lmi"]
[SourceDate "2019.02.04"]
[SourceVersion "1"]
[SourceVersionDate "2019.02.22"]
[SourceQuality "1"]

1. e4 d5 2. d4 dxe4 3. Nc3 Nf6 4. f3 exf3 5. Nxf3 Bg4 6. Bf4 c6 7. Be2 e6 8.
O-O Bd6 9. Ne5 Bxe2 10. Qxe2 O-O 11. Rae1 Qc7 12. Ne4 Nxe4 13. Qxe4 Nd7 14. Rf3
Nxe5 15. dxe5 Bc5+ 16. Kh1 Rad8 17. Rh3 g6 18. c3 Rd5 19. Bg5 f5 20. Qh4 Rf7
21. Bf6 Be7 22. Bxe7 Qxe7 23. Qf4 Qd8 24. Rhe3 Rfd7 25. h3 Kg7 26. Kh2 h6 27.
R1e2 g5 28. Qc4 Qa5 29. a4 Qc5 30. Qb3 Kf7 31. Qc2 Rd1 32. Re1 R1d2 33. Qb1 Qd5
34. R3e2 Rxe2 35. Rxe2 Qd1 36. Qxd1 Rxd1 37. Kg3 Kg6 38. Kf3 Rf1+ 39. Ke3 Rf4
40. Kd3 Rxa4 41. c4 b5 42. cxb5 cxb5 43. Rc2 Re4 44. Rc5 a6 45. Rc6 Rxe5 46.
Rxa6 Kf6 47. Ra8 Kg6 48. Rg8+ Kh5 49. Rh8 Re4 50. Rb8 b4 51. g4+ Kh4 52. gxf5
exf5 53. Rb5 Rf4 54. b3 Kxh3 55. Rc5 g4 0-1

[Event "Madrid-ch 2018-2019 - Previa A"]
[Site "Madrid ESP"]
[Date "2019.02.11"]
[Round "5.10"]
[White "Viñas Lopez, Carlos"]
[Black "Villodre Miranda, Juan Alonso"]
[Result "1-0"]
[WhiteElo "1942"]
[BlackElo "1603"]
[PlyCount "79"]
[EventDate "2019.02.04"]
[EventType "swiss"]
[EventRounds "9"]
[EventCountry "ESP"]
[SourceTitle "Ajedrez en Madrid"]
[Source "lmi"]
[SourceDate "2019.02.04"]
[SourceVersion "1"]
[SourceVersionDate "2019.02.22"]
[SourceQuality "1"]

1. d4 g6 2. c4 Bg7 3. Nf3 c6 4. Nc3 d5 5. cxd5 cxd5 6. Qb3 e6 7. Bf4 a6 8. e3
Ne7 9. Be2 O-O 10. O-O Nd7 11. Rac1 f6 12. h3 Nb6 13. a4 Nc6 14. Qa2 e5 15.
dxe5 fxe5 16. Bg5 Nb4 17. Bxd8 Nxa2 18. Bxb6 Nxc1 19. Rxc1 Be6 20. Ng5 Rfe8 21.
Nxe6 Rxe6 22. Nxd5 Rf8 23. e4 Bf6 24. Rc7 Bd8 25. Rxb7 Bxb6 26. Rxb6 Rxb6 27.
Nxb6 a5 28. b3 Rb8 29. Nd7 Rb7 30. Nxe5 Kg7 31. Bc4 Re7 32. f4 g5 33. g3 gxf4
34. gxf4 Kh6 35. Ng4+ Kh5 36. f5 Kh4 37. e5 Kxh3 38. f6 Re8 39. f7 Rf8 40. e6
1-0

[Event "Madrid-ch 2018-2019 - Previa A"]
[Site "Madrid ESP"]
[Date "2019.02.11"]
[Round "5.11"]
[White "De Vicente Guijarro, Juan"]
[Black "Fernandez Garcia, Ignacio"]
[Result "0-1"]
[WhiteElo "1867"]
[BlackElo "1744"]
[PlyCount "36"]
[EventDate "2019.02.04"]
[EventType "swiss"]
[EventRounds "9"]
[EventCountry "ESP"]
[SourceTitle "Ajedrez en Madrid"]
[Source "lmi"]
[SourceDate "2019.02.04"]
[SourceVersion "1"]
[SourceVersionDate "2019.02.22"]
[SourceQuality "1"]

1. e4 d6 2. d4 Nf6 3. Nc3 g6 4. Bg5 Bg7 5. Qd2 h6 6. Bh4 c6 7. O-O-O Qa5 8. Kb1
O-O 9. f4 Be6 10. Bd3 Bg4 11. Nf3 b5 12. e5 b4 13. Ne2 Be6 14. Nc1 Nd5 15. h3
Nc3+ 16. Ka1 Nxa2 17. Nb3 Bxb3 18. cxb3 Nc3# 0-1

[Event "Madrid-ch 2018-2019 - Previa A"]
[Site "Madrid ESP"]
[Date "2019.02.11"]
[Round "5.12"]
[White "Camarero Izquierdo, Juan Carlos"]
[Black "Gortazar Rubial, Javier Maria"]
[Result "1-0"]
[WhiteElo "1867"]
[BlackElo "1601"]
[PlyCount "83"]
[EventDate "2019.02.04"]
[EventType "swiss"]
[EventRounds "9"]
[EventCountry "ESP"]
[SourceTitle "Ajedrez en Madrid"]
[Source "lmi"]
[SourceDate "2019.02.04"]
[SourceVersion "1"]
[SourceVersionDate "2019.02.22"]
[SourceQuality "1"]

1. d4 d5 2. Nc3 Nf6 3. Bg5 Nbd7 4. f3 c6 5. Qd3 e5 6. e3 exd4 7. exd4 Bb4 8.
O-O-O O-O 9. Nge2 b5 10. g4 a5 11. h4 Re8 12. h5 Be7 13. Bxf6 Bxf6 14. f4 h6
15. Rg1 b4 16. Na4 Ba6 17. Qd2 Bh4 18. Ng3 Bxg3 19. Rxg3 Nf6 20. Bxa6 Rxa6 21.
Nc5 Ne4 22. Nxe4 Rxe4 23. g5 Qd6 24. gxh6 Qxh6 25. Rdg1 Qxh5 26. Rxg7+ Kf8 27.
Kb1 Qf5 28. Rg8+ Ke7 29. Rf1 Qf6 30. Qd3 Ra7 31. Qh3 Rxf4 32. Re1+ Re4 33. Rh1
Qe6 34. Qg3 Rd7 35. a3 bxa3 36. Qxa3+ Qd6 37. Qxa5 Rxd4 38. Qa8 Kf6 39. Rgg1
Ke7 40. Rh8 Rd8 41. Rxd8 Qxd8 42. Qa7+ 1-0

[Event "Madrid-ch 2018-2019 - Previa A"]
[Site "Madrid ESP"]
[Date "2019.02.11"]
[Round "5.14"]
[White "Cruz Gonzalez, Antonio"]
[Black "Perez Agusti, Luis"]
[Result "1-0"]
[WhiteElo "1790"]
[BlackElo "1934"]
[PlyCount "99"]
[EventDate "2019.02.04"]
[EventType "swiss"]
[EventRounds "9"]
[EventCountry "ESP"]
[SourceTitle "Ajedrez en Madrid"]
[Source "lmi"]
[SourceDate "2019.02.04"]
[SourceVersion "1"]
[SourceVersionDate "2019.02.22"]
[SourceQuality "1"]

1. e4 d5 2. exd5 Nf6 3. Bb5+ Bd7 4. Be2 Nxd5 5. d4 g6 6. Nf3 Bg7 7. O-O O-O 8.
c4 Nb6 9. Nc3 Bg4 10. c5 Nd5 11. h3 Bf5 12. g4 Bc8 13. Re1 h6 14. Bc4 e6 15.
Nxd5 exd5 16. Bf1 Be6 17. Bg2 Nd7 18. g5 h5 19. Nh4 Qc8 20. Nxg6 fxg6 21. Rxe6
Kh7 22. Qd3 Ne5 23. Rxe5 Bxe5 24. dxe5 c6 25. h4 Qg4 26. Qg3 Qd1+ 27. Bf1 Rf3
28. Qh2 Raf8 29. e6 Qe1 30. Qc7+ Kg8 31. Be3 Qb4 32. e7 Qg4+ 33. Bg2 Re8 34.
Qd6 Kf7 35. Kf1 Rf5 36. Qh2 Rxe7 37. Re1 Rfe5 38. Bh3 Qc4+ 39. Kg1 Re4 40. Qd6
d4 41. Qf6+ Kg8 42. Qxg6+ Kf8 43. Qf6+ Qf7 44. Qh8+ Qg8 45. Qf6+ Qf7 46. Bf5
Qxf6 47. gxf6 R7e5 48. Bxe4 dxe3 49. Rxe3 Rxc5 50. Bg6 1-0

[Event "Madrid-ch 2018-2019 - Previa A"]
[Site "Madrid ESP"]
[Date "2019.02.11"]
[Round "5.15"]
[White "Boni De Aristizabal, Marco"]
[Black "Ruiz Quevedo, Andres"]
[Result "0-1"]
[WhiteElo "1662"]
[BlackElo "1896"]
[PlyCount "72"]
[EventDate "2019.02.04"]
[EventType "swiss"]
[EventRounds "9"]
[EventCountry "ESP"]
[SourceTitle "Ajedrez en Madrid"]
[Source "lmi"]
[SourceDate "2019.02.04"]
[SourceVersion "1"]
[SourceVersionDate "2019.02.22"]
[SourceQuality "1"]

1. e4 e6 2. d4 d5 3. exd5 exd5 4. Nf3 c5 5. c4 cxd4 6. Qxd4 Bb4+ 7. Bd2 Qe7+ 8.
Qe5 Nc6 9. Qxe7+ Ngxe7 10. a3 Bxd2+ 11. Nbxd2 O-O 12. cxd5 Nxd5 13. Bb5 Re8+
14. Kf1 Nf4 15. Nd4 Re5 16. Bxc6 bxc6 17. N2f3 Ba6+ 18. Kg1 Ne2+ 19. Nxe2 Rxe2
20. b4 Rae8 21. g3 Rb2 22. Kg2 Ree2 23. Rhf1 Rec2 24. Nd4 Bxf1+ 25. Rxf1 Rc4
26. Re1 g6 27. Rd1 Rc3 28. h4 h5 29. Re1 Rxa3 30. Nxc6 Raa2 31. Rf1 Kg7 32. Kf3
Rc2 33. b5 Rc3+ 34. Ke4 Rb3 35. Nd4 Rb4 36. Kd5 Rd2 0-1

[Event "Madrid-ch 2018-2019 - Previa A"]
[Site "Madrid ESP"]
[Date "2019.02.11"]
[Round "5.16"]
[White "Fernandez Aransay, Fernando"]
[Black "Garcia Sanz, Eduardo"]
[Result "0-1"]
[WhiteElo "1869"]
[BlackElo "1775"]
[PlyCount "86"]
[EventDate "2019.02.04"]
[EventType "swiss"]
[EventRounds "9"]
[EventCountry "ESP"]
[SourceTitle "Ajedrez en Madrid"]
[Source "lmi"]
[SourceDate "2019.02.04"]
[SourceVersion "1"]
[SourceVersionDate "2019.02.22"]
[SourceQuality "1"]

1. e4 c5 2. Nf3 e6 3. d4 cxd4 4. Nxd4 Nf6 5. Bd3 Qb6 6. Nb3 Nc6 7. Be3 Qc7 8.
O-O d5 9. Nc3 dxe4 10. Nxe4 Nd5 11. Qh5 g6 12. Qh4 Be7 13. Bg5 Bxg5 14. Qxg5
Qf4 15. a3 Qxg5 16. Nxg5 O-O 17. Rfe1 b6 18. Be4 Bb7 19. c4 Nf6 20. Bf3 Nd8 21.
Rad1 Bxf3 22. Nxf3 Rc8 23. Ne5 Rc7 24. Nd4 a6 25. f4 Nb7 26. Ndf3 Na5 27. Rd4
Rfc8 28. Red1 Nxc4 29. Nxc4 Rxc4 30. Rd6 Rc1 31. Kf1 Rxd1+ 32. Rxd1 Nd5 33. Kf2
Rc2+ 34. Rd2 Rxd2+ 35. Nxd2 Nxf4 36. Kf3 Nd3 37. b3 Kf8 38. Ke3 Ne5 39. h3 Ke7
40. Ne4 f5 41. Nc3 Kd6 42. Ne2 g5 43. Nd4 h6 0-1

[Event "Madrid-ch 2018-2019 - Previa A"]
[Site "Madrid ESP"]
[Date "2019.02.11"]
[Round "5.17"]
[White "Martin Vazquez, Jose Luis"]
[Black "Lizon Martinez, Santiago"]
[Result "1/2-1/2"]
[WhiteElo "1832"]
[BlackElo "1663"]
[PlyCount "70"]
[EventDate "2019.02.04"]
[EventType "swiss"]
[EventRounds "9"]
[EventCountry "ESP"]
[SourceTitle "Ajedrez en Madrid"]
[Source "lmi"]
[SourceDate "2019.02.04"]
[SourceVersion "1"]
[SourceVersionDate "2019.02.22"]
[SourceQuality "1"]

1. e4 c5 2. Nf3 d6 3. d4 cxd4 4. Nxd4 Nf6 5. Nc3 a6 6. Be3 Ng4 7. Bg5 h6 8. Bh4
g5 9. Bg3 Bg7 10. Qd2 Qb6 11. Nb3 Be6 12. O-O-O Ne5 13. Nd5 Bxd5 14. exd5 Nbd7
15. f4 gxf4 16. Bxf4 Rc8 17. Be3 Qc7 18. Bd4 Bf6 19. h4 Nb6 20. Bc3 Na4 21. Rh3
Nxc3 22. Rxc3 Qd7 23. Rxc8+ Qxc8 24. Qf4 Rg8 25. Kb1 Rg4 26. Qxh6 Rxh4 27. Qd2
Nc4 28. Bxc4 Qxc4 29. a3 b6 30. Qd3 Qa4 31. Qf5 Kd8 32. Qf2 Kc7 33. g3 Rg4 34.
Rd3 Kb7 35. Nd2 Qa5 1/2-1/2

[Event "Madrid-ch 2018-2019 - Previa A"]
[Site "Madrid ESP"]
[Date "2019.02.11"]
[Round "5.18"]
[White "Rueda Maria, Ramiro"]
[Black "Cujba, Anca-Claudia"]
[Result "1-0"]
[WhiteElo "1820"]
[BlackElo "1576"]
[PlyCount "111"]
[EventDate "2019.02.04"]
[EventType "swiss"]
[EventRounds "9"]
[EventCountry "ESP"]
[SourceTitle "Ajedrez en Madrid"]
[Source "lmi"]
[SourceDate "2019.02.04"]
[SourceVersion "1"]
[SourceVersionDate "2019.02.22"]
[SourceQuality "1"]

1. Nf3 d5 2. d4 Nf6 3. g3 Bf5 4. Bg2 Nbd7 5. O-O Ne4 6. Nbd2 Nxd2 7. Nxd2 Nf6
8. c4 e6 9. Qb3 Rb8 10. Qa4+ c6 11. cxd5 exd5 12. Qxa7 Bd6 13. Qa4 O-O 14. Nf3
Re8 15. Qd1 Ne4 16. Be3 Qc7 17. Qb3 h6 18. Nh4 Bh7 19. Bxe4 Rxe4 20. Ng2 Rbe8
21. Rae1 Qe7 22. a3 g5 23. Qc3 f5 24. Qc1 f4 25. Bd2 Rxd4 26. e3 Re4 27. exf4
gxf4 28. Rxe4 Bxe4 29. Bxf4 Bxf4 30. Qxf4 Qg5 31. Qxg5+ hxg5 32. f3 Bd3 33. Re1
Rxe1+ 34. Nxe1 Bg6 35. Kf2 Kf7 36. Ke3 Ke6 37. b4 Kd6 38. Nd3 Bh7 39. f4 g4 40.
Kd4 b6 41. a4 c5+ 42. bxc5+ Kc7 43. cxb6+ Kxb6 44. Ne5 Bf5 45. Kxd5 Ka5 46. Nf7
Kxa4 47. Ke5 Bg6 48. Nh6 Bh5 49. f5 Kb4 50. f6 Kc4 51. Nxg4 Kc5 52. Nh6 Kc4 53.
g4 Bg6 54. h4 Kc5 55. h5 Be8 56. f7 1-0

[Event "Madrid-ch 2018-2019 - Previa A"]
[Site "Madrid ESP"]
[Date "2019.02.11"]
[Round "5.19"]
[White "Roldan Garcia, Angel"]
[Black "De La Fuente Ebro, Miguel"]
[Result "1-0"]
[WhiteElo "1794"]
[BlackElo "1689"]
[PlyCount "47"]
[EventDate "2019.02.04"]
[EventType "swiss"]
[EventRounds "9"]
[EventCountry "ESP"]
[SourceTitle "Ajedrez en Madrid"]
[Source "lmi"]
[SourceDate "2019.02.04"]
[SourceVersion "1"]
[SourceVersionDate "2019.02.22"]
[SourceQuality "1"]

1. e4 e6 2. d4 d5 3. Nd2 dxe4 4. Nxe4 Nf6 5. Bd3 Be7 6. Nf3 Nc6 7. c3 h6 8. O-O
O-O 9. Re1 b6 10. Nxf6+ Bxf6 11. Be4 Bb7 12. Be3 Qc8 13. Nd2 Ne7 14. Qf3 Rb8
15. Bxh6 Nf5 16. Bf4 Nd6 17. Qg3 Nxe4 18. Nxe4 Bxe4 19. Rxe4 Rb7 20. Bh6 Re8
21. Bxg7 Bxg7 22. Rg4 Kf8 23. Rxg7 c5 24. Qg5 1-0